• 首页
  • 本馆介绍
  • 公告通知
  • 最新文献
  • 馆藏检索
  • 电子资源
  • 读者导购
  • 参考咨询
  • 我的图书馆
  • 登录
  • 详细信息显示
  • 放入我的书架
  • 预约/预借图书
  • 作者相关作品
  • 分类相关作品
  • 丛书相关作品
  • 出版社相关作品

书目信息

  • 表格格式
  • 工作单格式
  • 卡片格式
题名:
陪你“识”车每一天
    
 
作者: 刘汉涛 编著
分册:  
出版信息: 北京   电子工业出版社  2016.1
页数: 156页
开本: 26cm
丛书名:
单 册:
中图分类: U463-64
科图分类:
主题词: 汽车--构造--图解
电子资源:
ISBN: 978-7-121-27821-1
000 00820nam0 2200229 450
001 0400003021
005 20171021172938.0
010    @a978-7-121-27821-1@dCNY49.90
100    @a20171021d2016 em y0chiy ea
101 0  @achi
102    @aCN@b110000
105    @aa z 000yy
106    @ar
200 1  @a陪你“识”车每一天@9pei ni“shi”che mei yi tian@e图解汽车构造与原理@f刘汉涛编著
210    @a北京@c电子工业出版社@d2016.1
215    @a156页@d26cm
330    @a本书以145个问题为主线并配合大量精美的实物图、剖视图、构造图、透视图以及原理示意图和简单的文字说明,目的是让您看完此书后能对汽车构造与原理有个基本概念和认识,从而帮助您快速了解汽车。
606 0  @a汽车@x构造@j图解
690    @aU463-64@v5
701  0 @a刘汉涛@9liu han tao@4编著
801  0 @aCN@b91MARC@c20171021
905    @b1035421-5@dU463-64@f5@e626
    
    陪你“识”车每一天:图解汽车构造与原理/刘汉涛编著.-北京:电子工业出版社,2016.1
    156页;26cm
    
    
    ISBN 978-7-121-27821-1:CNY49.90
    本书以145个问题为主线并配合大量精美的实物图、剖视图、构造图、透视图以及原理示意图和简单的文字说明,目的是让您看完此书后能对汽车构造与原理有个基本概念和认识,从而帮助您快速了解汽车。
●
相关链接 在E读中查询图书 在五车中查询图书 在当当中查询图书 在豆瓣中查询图书


正题名:陪你"识"车每一天     索取号:U463-64/626         预约/预借

序号 登录号 条形码 馆藏地/架位号 状态 备注
1 1035421   210354212   第二样本阅览室/ [索取号:U463-64/626] 在馆    
2 1035422   210354221   密集书库-物理学院/ [索取号:U463-64/626] 在馆    
3 1035423   210354230   第三借阅区/ [索取号:U463-64/626] 在馆    
4 1035424   210354249   第三借阅区/ [索取号:U463-64/626] 在馆    
5 1035425   210354258   第三借阅区/ [索取号:U463-64/626] 在馆    
唐山师范学院图书馆 欢迎您!
大连网信软件有限公司© 版权所有